Organizacija i planirovanije raboty vyčislitel'nogo centra

Salvato in:
Dettagli Bibliografici
Autore principale: L'janova, Diana Sergejvna
Natura: Libro
Lingua:russo
Pubblicazione: Alma-Ata Kazachstan 1984
Tags: Aggiungi Tag
Nessun Tag, puoi essere il primo ad aggiungerne!!

MARC

LEADER 00000nam a2200000 4500
001 c108721
005 20041019155142.2
041 0 |a rus 
044 |a KZ 
245 1 0 |a Organizacija i planirovanije raboty vyčislitel'nogo centra  |c Diana Sergejvna L'janova 
264 1 |a Alma-Ata  |b Kazachstan  |c 1984 
300 |a 121 s. 
100 1 |a L'janova, Diana Sergejvna